Catálogo

ETICA DE LA SOLIDARIDAD (Registro nro. 47210)

Detalles MARC
000 -LEADER
fixed length control field 01095nam a2200205 a 4500
001 - CONTROL NUMBER
control field 47210
005 - DATE AND TIME OF LATEST TRANSACTION
control field 20180714031055.0
008 - FIXED-LENGTH DATA ELEMENTS--GENERAL INFORMATION
fixed length control field 140415s1983 sp 000 0 spa d
041 ## - LANGUAGE CODE
Language code of text/sound track or separate title spa
082 ## - DEWEY DECIMAL CLASSIFICATION NUMBER
Classification number 171.1
Item number TIS
100 1# - MAIN ENTRY--PERSONAL NAME
Personal name TISCHNER, JOSEF
245 10 - TITLE STATEMENT
Title ETICA DE LA SOLIDARIDAD
250 ## - EDITION STATEMENT
Edition statement 1a ed.
260 ## - PUBLICATION, DISTRIBUTION, ETC.
Place of publication, distribution, etc. ESPAÑA :
Name of publisher, distributor, etc. EDICIONES ENCUENTRO,
Date of publication, distribution, etc. 1983
300 ## - PHYSICAL DESCRIPTION
Extent 155
Dimensions 18 x 10.7 x 1.2
520 ## - SUMMARY, ETC.
Summary, etc. SOLIDADRIDAD ES EL NOMBRE QUE EL OTOÑO DE ORO POLACO HA APORTADO A LA HISTORIA COMO EL ACONTECIMIENTO DE LO QUE KOLAKOWSKI HA DEFINIDO LA ÚNICA REVOLUCIÓN DE NUESTRO SIGLO. ES DE SOBRA CONOCIDO QUE SE TRATA DE UNA REVOLUCIÓN CULTURAL MÁS QUE POLÍTICA TISCHENER NOS EXPLICA EN ESTE DICCIONARIO DE LAS PALABRAS CLAVE-DIÁLOGO, EXPLORACIÓN, CIENCIA, DEMOCRACIA, SOCIALISMO, EDUCACIÓN, FAMILIA...- CUÁLES SON LOS CONTENIDOS DE CULTURA QUE HA CAMBIADO LA SOCIEDAD POLACA, SU ETHOS HUMANOS
650 14 - SUBJECT ADDED ENTRY--TOPICAL TERM
Topical term or geographic name entry element SOCIOLOGIA DE LA EDUCACION
General subdivision VALORES (FILOSOFIA)
-- ETICA
-- ASPECTOS SOCIALES
700 1# - ADDED ENTRY--PERSONAL NAME
Personal name RODRIGUEZ FIERRO, MA JOSE
Relator term tr.
740 ## - ADDED ENTRY--UNCONTROLLED RELATED/ANALYTICAL TITLE
Uncontrolled related/analytical title ETICA DELLA SOLIDARIETA
Existencias
Withdrawn status Lost status Source of classification or shelving scheme Damaged status Not for loan Collection code Home library Current library Shelving location Date acquired Source of acquisition Inventory number Total Checkouts Full call number Barcode Date last seen Date last checked out Price effective from Koha item type
    Dewey Decimal Classification     General Biblioteca Karol Wojtyla Biblioteca Karol Wojtyla Sala general 03/12/2013 Compra 151000000000000000063320 2 171.1 TIS 70704 05/01/2026 15/03/2019 03/12/2013 Libro